Statistics for Countries With The Most Celtic Ancestry

Click here to take the quiz!

General Stats

  • This quiz has been taken 72 times
  • The average score is 18 of 20

Answer Stats

%Country% Correct
89Ireland
100%
77United Kingdom
100%
65France
98%
45Norway
98%
47Spain
98%
28Sweden
98%
45Germany
97%
40Portugal
97%
43United States
97%
30Canada
94%
36Denmark
94%
25Italy
92%
37Australia
91%
51Belgium
91%
42Netherlands
91%
50Luxembourg
89%
30Switzerland
89%
46Iceland
85%
48Andorra
71%
28Argentina
55%

Score Distribution

Percentile by Number Answered

Percent of People with Each Score

Your Score History

You have not taken this quiz